Kinh Tế Internet

Đã lưu trong:
Chi tiết về thư mục
Tác giả chính: Nguyễn Ngô Việt
Định dạng: Sách
Ngôn ngữ:Vietnamese
Được phát hành: Bưu điện 2001
Các nhãn: Thêm thẻ
Không có thẻ, Là người đầu tiên thẻ bản ghi này!
Thư viện lưu trữ: Mạng thư viện Đại học Đà Nẵng
LEADER 00616nam a2200277 4500
001 000026476
003 501
005 20150325120000.0
008 150325s vm 000 vie
020 |c 52,0000 
040 |a NOTTS 
100 |a Nguyễn Ngô Việt 
245 |a Kinh Tế Internet 
260 |b Bưu điện  |c 2001 
300 |a 404tr. ; 
OWN |a LTT 
999 |a From the UDN01 
TYP |a Monograph 
TYP |a Printed language 
980 |a Mạng thư viện Đại học Đà Nẵng